Arsenal FC 2025/26 Squad - Statistics

General Stats
  • This quiz has been taken 55 times
  • The average score is 21 of 24
Answer Stats
Hint Answer % Correct
AM 🇳🇴 Martin Ødegaard
100%
GK 🇪🇸 David Raya
98%
FW 🇧🇷 Gabriel Jesus
98%
FW 🇸🇪 Viktor Gyökeres
98%
RW 🏴󠁧󠁢󠁥󠁮󠁧󠁿 Bukayo Saka
95%
CB 🇧🇷 Gabriel
95%
LW 🇧🇷 Gabriel Martinelli
95%
CB 🇫🇷 William Saliba
95%
CM 🏴󠁧󠁢󠁥󠁮󠁧󠁿 Declan Rice
93%
LW 🇧🇪 Leandro Trossard
91%
DM 🇪🇸 Martín Zubimendi
91%
LB 🇮🇹 Riccardo Calafiori
91%
RB 🏴󠁧󠁢󠁥󠁮󠁧󠁿 Ben White
89%
RB 🇳🇱 Jurriën Timber
89%
FW 🇩🇪 Kai Havertz
89%
CB 🇪🇨 Piero Hincapié
86%
CM 🇪🇸 Mikel Merino
84%
LB 🏴󠁧󠁢󠁥󠁮󠁧󠁿 Myles Lewis-Skelly
84%
DM 🇩🇰 Christian Nørgaard
80%
CB 🇪🇸 Cristhian Mosquera
77%
GK 🇪🇸 Kepa Arrizabalaga
73%
RW 🏴󠁧󠁢󠁥󠁮󠁧󠁿 Max Dowman
73%
RW 🏴󠁧󠁢󠁥󠁮󠁧󠁿 Noni Madueke
73%
AM 🏴󠁧󠁢󠁥󠁮󠁧󠁿 Eberechi Eze
66%
No matching quizzes found
Score Distribution
Percent of People with Each Score
Percentile by Number Answered
Your Score History
You have not taken this quiz